Labor relations (Бичлэгийн дугаар. 146119)
| 000 -УДИРДЛАГА | |
|---|---|
| Удирдлага | 01601nam a22004697a 4500 |
| 003 - ХЯНАЛТЫН ТОО ТОДОРХОЙЛОГЧ | |
| Код | MN-UlNUM |
| 005 - БИЧИЛТ ХИЙСЭН ОГНОО | |
| Тухайн бичилтийг бичсэн засварласан сүүлийн огноо | 20260107185248.0 |
| 008 - ЕРӨНХИЙ МЭДЭЭЛЭЛ | |
| Ерөнхий мэдээлэл | 260107s2006 maua b 001 0 eng |
| 020 ## - ISBN | |
| ISBN | 0072987138 |
| -- | 9780072987133 |
| 040 ## - БИЧЛЭГ ҮҮСГЭГЧ БАЙГУУЛЛАГА | |
| Бичлэг үүсгэгч номын сангийн код | МУИС-ийн номын сан |
| 084 ## - ББК АНГИЛАЛ | |
| Нэмэлт тусгалт | Гарын авлага |
| ББК ангилал | 65.24 |
| Зохиогчийн гурван тэмдэгт | F 79 |
| Мэдлэгийн ялгаа | 65 - Эдийн засаг |
| 100 1# - ЗОХИОГЧ | |
| Зохиогчийн нэр | Fossum, John A. |
| 245 10 - ҮНДСЭН ГАРЧИГ | |
| Номын нэр | Labor relations |
| Бага гарчгийн мэдээ | Development, structure, process |
| Оролцогчдын тухай мэдээ | John A. Fossum |
| 250 ## - ДАХИН ХЭВЛЭЛТ | |
| Дахин гаралтын дугаар | 9th ed. |
| 260 ## - ГАРАЛТЫН МЭДЭЭ | |
| Хэвлэгдсэн газар | Boston |
| Хэвлэлийн газар | McGraw-Hill |
| Хэвлэгдсэн он | 2006 |
| 300 ## - МАТЕРИАЛЫН ТОДОРХОЙЛОЛТ | |
| хуудасны тоо | xvii, 554 p. |
| Бусад тоон мэдээлэл | ill. |
| Хэмжээ | 24 cm |
| 500 ## - Тайлбар | |
| Дансны дугаар | БС 6063 |
| 546 ## - ХЭЛНИЙ ТУХАЙ МЭДЭЭ | |
| Хэл | Англи хэл дээр, |
| 653 ## - Түлхүүр үг | |
| Түлхүүр үг | industrial relations |
| 653 ## - Түлхүүр үг | |
| Түлхүүр үг | collective bargaining |
| 653 ## - Түлхүүр үг | |
| Түлхүүр үг | labor unions |
| 740 ## - НОМЫН ГАРЧИГ | |
| Гарчиг | Introduction |
| 740 ## - НОМЫН ГАРЧИГ | |
| Гарчиг | The Evolution of American Labor |
| 740 ## - НОМЫН ГАРЧИГ | |
| Гарчиг | Labor Law and Federal Agencies |
| 740 ## - НОМЫН ГАРЧИГ | |
| Гарчиг | Union Structure and Government |
| 740 ## - НОМЫН ГАРЧИГ | |
| Гарчиг | Unions: Member and Leader Attitudes, Behaviors, and Political Activities |
| 740 ## - НОМЫН ГАРЧИГ | |
| Гарчиг | Union Organizing Campaigns |
| 740 ## - НОМЫН ГАРЧИГ | |
| Гарчиг | Union Avoidance: Rationale, Strategies, and Practices |
| 740 ## - НОМЫН ГАРЧИГ | |
| Гарчиг | The Environment for Bargaining |
| 740 ## - НОМЫН ГАРЧИГ | |
| Гарчиг | Wage and Benefit Issues in Bargaining |
| 740 ## - НОМЫН ГАРЧИГ | |
| Гарчиг | Nonwage Issues in Bargaining |
| 740 ## - НОМЫН ГАРЧИГ | |
| Гарчиг | Contract Negotiations |
| 740 ## - НОМЫН ГАРЧИГ | |
| Гарчиг | Impasses and Their Resolution |
| 740 ## - НОМЫН ГАРЧИГ | |
| Гарчиг | Union-Management Cooperation |
| 740 ## - НОМЫН ГАРЧИГ | |
| Гарчиг | Contract Administration |
| 740 ## - НОМЫН ГАРЧИГ | |
| Гарчиг | Grievance Arbitration |
| 740 ## - НОМЫН ГАРЧИГ | |
| Гарчиг | Public-Sector Labor Relations |
| 740 ## - НОМЫН ГАРЧИГ | |
| Гарчиг | A Survey of Labor Relations in Developed Market Economies |
| 942 ## - ЭЛЕМЕНТИЙН ТӨРӨЛ | |
| Зүйлийн төрөл | Ном |
